000 00904nam a2200301Ia 4500
001 Para_1735
003 CHAP
008 220125s1998 xx 000 0 und d
010 _a200353
040 _cCHAP
082 _aPA 630.9725 C6 1998
111 _aCongreso Estatal de Investigación en Educación, Ciencia y Tecnología (2:1998:Chapingo, Méx.)
_926693
245 _aLibro de resúmenes /
_c por UACh
260 _aChapingo, Méx. :
_b UACh
300 _a133 p.
650 _aAgricultura
_x congresos
_91373
650 _aBiotecnología
_912878
650 _aCiencia
_x congresos
_923113
650 _aEcología agrícola
_935165
710 2 _aUniversidad Autónoma Chapingo
_9143749
901 _aPA 630.9725 C6 1998
902 _aA
905 _a0000001998 0000000000 00
910 _a1998
942 _cPARA
942 _cPARA
_d1
999 _c200353
_d200353